Formwork for concrete /

Bibliographic Details
Main Author: Hurd, M. K. (Mary Krumboltz)
Corporate Author: ACI Committee 347--Formwork for Concrete
Format: Book
Language:English
Published: Detroit : American Concrete Institute, [1995]
Edition:6th ed.
Series:Publication SP ; 4.
Subjects:

MARC

Tag First Indicator Second Indicator Subfields
LEADER 00000cam a2200000 a 4500
001 in00001291925
005 20151004094206.0
008 960104s1995 miua b 001 0 eng
010 |a  95078585  
035 |a (OCoLC)33469699 
035 |9 AGZ9183AM 
040 |a DLC  |c DLC  |d TXA  |d UtOrBLW 
049 |a TXAM 
050 0 0 |a TA682.44  |b .H86 1989 
082 0 0 |a 624.1/834  |2 20 
090 |a TA682.44  |b .H86 1995 
100 1 |a Hurd, M. K.  |q (Mary Krumboltz) 
245 1 0 |a Formwork for concrete /  |c by M.K. Hurd ; prepared under the direction of ACI Committee 347, Formwork for Concrete. 
250 |a 6th ed. 
264 1 |a Detroit :  |b American Concrete Institute,  |c [1995] 
264 4 |c ©1995 
300 |a 1 volume (various pagings) :  |b illustrations ;  |c 29 cm. 
336 |a text  |b txt  |2 rdacontent 
337 |a unmediated  |b n  |2 rdamedia 
338 |a volume  |b nc  |2 rdacarrier 
490 1 |a Special publication / American Concrete Institute ;  |v no. 4 
504 |a Includes bibliographical references and index. 
650 0 |a Concrete construction  |x Formwork. 
710 2 |a ACI Committee 347--Formwork for Concrete. 
830 0 |a Publication SP ;  |v 4. 
999 |a MARS 
999 f f |s 8aa62049-a972-3075-ba82-8f9a39696ba8  |i fb28b727-3f9a-379a-b6a9-879e0dd923cb  |t 0 
952 f f |p ric  |a Texas A&M University  |b Rellis Campus  |c Joint Library Facility  |d Remote Storage  |t 0  |e TA682.44 .H86 1995  |h Library of Congress classification  |i unmediated -- volume  |m A14820328611 
998 f f |a TA682.44 .H86 1995  |t 0  |l Remote Storage